|
|
|
|
| LEADER |
00000nam a2200000 a 4500 |
| 001 |
vtls001377226 |
| 003 |
SK-MaSNL |
| 005 |
20260301115455.0 |
| 008 |
251124s1999 RU ac rg 0 rus |
| 020 |
|
|
|a 5738001044
|c [300,00]
|
| 020 |
|
|
|a 5050047838
|
| 035 |
|
|
|a SNK000331170
|
| 040 |
|
|
|a SNK
|b slo
|c SNK
|e AACR2
|
| 044 |
|
|
|a RU
|
| 080 |
|
|
|a 82.035:882.40
|2 1981
|
| 100 |
1 |
|
|a Puškin, Aleksandr Sergejevič,
|d 1799-1837
|4 aut
|9 16675
|
| 245 |
1 |
0 |
|a Izbrannaja poezija v perevodach na anglijskij jazyk
|c A.S. Puškin ; [sostaviteli I. G. Irskaja, Ju. G. Fridštejn]
|
| 260 |
|
|
|a Moskva
|b VGBIL [etc.]
|c 1999
|
| 300 |
|
|
|a 495 s.
|c 25 cm
|
| 650 |
0 |
7 |
|a ruská literatúra
|2 SNKPH
|9 1204
|
| 650 |
0 |
7 |
|a ruská poézia
|2 SNKPH
|9 66518
|
| 650 |
0 |
7 |
|a literárny preklad
|2 SNKPH
|9 28595
|
| 650 |
0 |
7 |
|a preklady do angličtiny
|2 SNKPH
|9 66794
|
| 700 |
1 |
|
|a Irskaja, I. G.
|4 zos
|9 460543
|
| 700 |
1 |
|
|a Fridštein, Ju. G.
|4 zos
|9 460544
|
| 919 |
|
|
|a 5-7380-0104-4
|
| 919 |
|
|
|a 5-05-004783-8
|
| 999 |
|
|
|c 722326
|d 724256
|
| 952 |
|
|
|t P60, <04>, [BOOK], {604}
|a SNK
|b SNK
|y VYP
|7 0
|p 17A0214962
|o snkIC 128225
|i snkV 1683/99
|0 0
|1 0
|4 0
|d 1999-12-08
|l 0
|r 2005-01-02 00:00:00
|w 2026-02-23
|